00667nam a2200205 a 4500008004100000020002200041100001900063245007500082260003900157300002900196504004100225610004500266610004400311650002200355650003700377700002000414003000100434005001700435040000900452  a0880110325 (pbk.)1 aLenz, Heinz W.10aFit for life :bthe Annapolis way /cHeinz W. Lenz and John L. Murray. aNew York :bLeisure Press,cc1985. a352 p. :bill. ;c21 cm. aIncludes bibliographical references.10aUnited States.bNavyxPhysical training.20aUnited States Naval AcademyxAthletics. 0aPhysical fitness. 0aPhysical education and training.1 aMurray, John L.20230123133958.0 cNUST